000 00447nam a2200181Ia 4500
001 24682
005 20260414151059.0
008 260414t2011||||xx |||||||||||||| ||spa||
041 _aESP
082 _a345.721
_bR72
100 _aRoca Aymar, José Luis
_eAUT
245 0 _aEl arbitraje mercantil internacional on line
_b
260 _c2011
300 _a68 páginas :
_c21 cm.
650 _aDER
654 _aCDE
942 _cLIB
_dJUS
_fJUS
_2ddc
_n
999 _c24682
_d24682